|
|
|
|
| LEADER |
00000cas a2200000 a 4500 |
| 001 |
vtls008702193 |
| 003 |
SK-MaSNL |
| 005 |
20260228155908.0 |
| 008 |
060519c20049999xo fr|p 0 b0slo |
| 022 |
|
|
|a 1336-5983
|
| 040 |
|
|
|a SNK
|b slo
|c SNK
|d SVKBB
|e AACR2
|
| 041 |
|
|
|a slo
|
| 043 |
|
|
|a e-xo---
|
| 044 |
|
|
|a xo
|c SK
|
| 072 |
|
7 |
|a 793.3
|x Pohybové umenie. Tanec
|2 konspekt
|
| 072 |
|
7 |
|a 78
|x Hudba
|2 konspekt
|
| 080 |
|
|
|a 793.3
|2 2011
|
| 080 |
|
|
|a 78
|2 2011
|
| 080 |
|
|
|a (051)-027.561
|2 2011
|
| 080 |
|
|
|a 050
|2 2011
|
| 210 |
0 |
|
|a Tempo
|b (Bratisl., Hudob. taneč. fak. Vys. šk. múzic. umení)
|
| 222 |
|
0 |
|a Tempo
|b (Bratislava, Hudobná a tanečná fakulta Vysokej školy muzických umení)
|
| 245 |
0 |
0 |
|a Tempo
|b časopis Hudobnej a tanečnej fakulty VŠMU v Bratislave
|
| 260 |
|
|
|a Bratislava
|b Hudobná a tanečná fakulta VŠMU
|c 2004-
|
| 300 |
|
|
|a zv.
|c 25-30 cm
|
| 310 |
|
|
|a 2x ročne
|
| 362 |
0 |
|
|a Roč. 1, č. 1 (2004)-
|
| 500 |
|
|
|a Od r. 2011 zmena formátu na 25 cm
|
| 500 |
|
|
|a Registračné č.: MK SR B8 3307/2004
|
| 500 |
|
|
|a Šéfredaktor: 2004-2010, Miloslav Starosta ; 2011-1/2017, Lucia Papanetzová ; 2/2017- , Zuzana Buchová Holičková
|
| 500 |
|
|
|a Registračné č. MK SR: EV 3511/09
|
| 515 |
|
|
|a Niektoré čísla vychádzajú ako dvojčíslo
|
| 650 |
0 |
7 |
|a hudba
|2 SNKPH
|9 1063
|
| 650 |
0 |
7 |
|a tanec
|2 SNKPH
|9 743
|
| 655 |
|
7 |
|a odborné časopisy
|2 SNKPH
|9 70505
|
| 700 |
1 |
|
|a Starosta, Miloslav,
|d 1940-2020
|4 pbd
|9 40033
|
| 700 |
1 |
|
|a Papanetzová, Lucia,
|d 1978-
|4 pbd
|9 117893
|
| 700 |
1 |
|
|a Buchová Holičková, Zuzana
|4 pbd
|9 265554
|
| 710 |
2 |
|
|a Vysoká škola múzických umení v Bratislave.
|b Hudobná a tanečná fakulta
|4 pbl
|9 35085
|
| 780 |
0 |
0 |
|t Bulletin HTF
|
| 852 |
|
|
|a Štátna vedecká knižnica v Banskej Bystrici
|
| 856 |
4 |
1 |
|u http://htf.vsmu.sk/centrum-vyskumu/casopis-tempo/
|
| 910 |
|
|
|a snk
|
| 910 |
|
|
|a svkbb
|
| 916 |
|
|
|a 2004-2011, 2013-2018
|
| 999 |
|
|
|c 842
|d 842
|
| 952 |
|
|
|0 0
|1 0
|4 0
|7 0
|8 0
|a SNK
|b SNK
|d 2020-11-23
|i snk2020/20851
|l 0
|o snkČSB 7358/16/2019
|p 17A1432656
|r 2026-02-21 19:24:17
|t č. 1-4
|w 2026-02-21
|y PREZ
|
| 952 |
|
|
|0 0
|1 0
|4 0
|7 0
|8 0
|a SNK
|b SNK
|d 2023-04-14
|i snk2023/6053
|l 0
|o snkČSB 7358/17/2020
|p 17A1466105
|r 2026-02-21 19:52:52
|t č. 1-4
|w 2026-02-21
|y PREZ
|
| 952 |
|
|
|0 0
|1 0
|4 0
|7 0
|8 0
|a SNK
|b SNK
|d 2023-04-14
|i snk2023/6056
|l 0
|o snkČSB 7358/18/2021
|p 17A1466106
|r 2026-02-21 19:52:52
|t č. 1-4
|w 2026-02-21
|y PREZ
|
| 952 |
|
|
|0 0
|1 0
|4 0
|7 0
|8 0
|a SNK
|b SNK
|d 2023-04-14
|i snk2023/6057
|l 0
|o snkČSB 7358/19/2022
|p 17A1466107
|r 2026-02-21 19:52:52
|t č. 1-4
|w 2026-02-21
|y PREZ
|
| 952 |
|
|
|0 0
|1 0
|4 0
|7 0
|8 0
|a SNK
|b SNK
|d 2019-11-12
|f 1
|i snk2019/29125
|l 0
|o snkČSB 7358/1/2004
|p 17A1384649
|r 2026-02-21 22:08:02
|t č. 1
|w 2026-02-21
|y PREZ
|
| 952 |
|
|
|0 0
|1 0
|4 0
|7 0
|8 0
|a SNK
|b SNK
|d 2019-11-12
|f 1
|i snk2019/29127
|l 0
|o snkČSB 7358/2/2005
|p 17A1384650
|r 2026-02-21 22:08:02
|t č. 1-2
|w 2026-02-21
|y PREZ
|
| 952 |
|
|
|0 0
|1 0
|4 0
|7 0
|8 0
|a SNK
|b SNK
|d 2019-11-12
|f 1
|i snk2019/29129
|l 0
|o snkČSB 7358/3/2006
|p 17A1384651
|r 2026-02-21 22:08:02
|t č. 1-2
|w 2026-02-21
|y PREZ
|
| 952 |
|
|
|0 0
|1 0
|4 0
|7 0
|8 0
|a SNK
|b SNK
|d 2019-11-12
|f 1
|i snk2019/29131
|l 0
|o snkČSB 7358/4/2007
|p 17A1384652
|r 2026-02-21 22:08:02
|t č. 1-2
|w 2026-02-21
|y PREZ
|
| 952 |
|
|
|0 0
|1 0
|4 0
|7 0
|8 0
|a SNK
|b SNK
|d 2019-11-12
|f 1
|i snk2019/29132
|l 0
|o snkČSB 7358/5/2008
|p 17A1384653
|r 2026-02-21 22:08:08
|t č. 1-3
|w 2026-02-21
|y PREZ
|
| 952 |
|
|
|0 0
|1 0
|4 0
|7 0
|8 0
|a SNK
|b SNK
|d 2019-11-12
|f 1
|i snk2019/29134
|l 0
|o snkČSB 7358/6/2009
|p 17A1384654
|r 2026-02-21 22:08:08
|t č. 1-2
|w 2026-02-21
|y PREZ
|
| 952 |
|
|
|0 0
|1 0
|4 0
|7 0
|8 0
|a SNK
|b SNK
|d 2019-11-12
|f 1
|i snk2019/29137
|l 0
|o snkČSB 7358/7/2010
|p 17A1384655
|r 2026-02-21 22:08:08
|t č. 1-2
|w 2026-02-21
|y PREZ
|
| 952 |
|
|
|0 0
|1 0
|4 0
|7 0
|8 0
|a SNK
|b SNK
|d 2019-11-12
|f 1
|i snk2019/29140
|l 0
|o snkČSB 7358/8/2011
|p 17A1384656
|r 2026-02-21 22:08:08
|t č. 1-4
|w 2026-02-21
|y PREZ
|
| 952 |
|
|
|0 0
|1 0
|4 0
|7 0
|8 0
|a SNK
|b SNK
|d 2019-11-12
|f 1
|i snk2019/29142
|l 0
|o snkČSB 7358/10/2013
|p 17A1384657
|r 2026-02-21 22:08:08
|t č. 1-4
|w 2026-02-21
|y PREZ
|
| 952 |
|
|
|0 0
|1 0
|4 0
|7 0
|8 0
|a SNK
|b SNK
|d 2019-11-12
|f 1
|i snk2019/29144
|l 0
|o snkČSB 7358/11/2014
|p 17A1384658
|r 2026-02-21 22:08:08
|t č. 1-4
|w 2026-02-21
|y PREZ
|
| 952 |
|
|
|0 0
|1 0
|4 0
|7 0
|8 0
|a SNK
|b SNK
|d 2019-11-12
|f 1
|i snk2019/29146
|l 0
|o snkČSB 7358/12/2015
|p 17A1384659
|r 2026-02-21 22:08:08
|t č. 1-4
|w 2026-02-21
|y PREZ
|
| 952 |
|
|
|0 0
|1 0
|4 0
|7 0
|8 0
|a SNK
|b SNK
|d 2019-11-12
|f 1
|i snk2019/29147
|l 0
|o snkČSB 7358/13/2016
|p 17A1384660
|r 2026-02-21 22:08:08
|t č. 1-4
|w 2026-02-21
|y PREZ
|
| 952 |
|
|
|0 0
|1 0
|4 0
|7 0
|8 0
|a SNK
|b SNK
|d 2019-11-12
|f 1
|i snk2019/29149
|l 0
|o snkČSB 7358/14/2017
|p 17A1384661
|r 2026-02-21 22:08:08
|t č. 1-4
|w 2026-02-21
|y PREZ
|
| 952 |
|
|
|0 0
|1 0
|4 0
|7 0
|8 0
|a SNK
|b SNK
|d 2019-11-12
|f 1
|i snk2019/29151
|l 0
|o snkČSB 7358/15/2018
|p 17A1384662
|r 2026-02-21 22:08:08
|t č. 1-4
|w 2026-02-21
|y PREZ
|